000 00860nam a2200253 i 4500
001 47510
003 ES-MaACL
005 20250808062722.0
007 t|
008 030429s2002 sp ||||1| spa d
020 _a84-7914-623-0
080 _a276(082.2)
080 _a239(02)"01"
245 0 0 _aPadres apostólicos y apologistas griegos (S.II) /
_cintroducción, notas y versión española por Daniel Ruiz Bueno.
260 _aMadrid :
_bBiblioteca de Autores Cristianos,
_c2002.
300 _a1510 p. ;
_c20 cm.
490 1 _aBiblioteca de autores cristianos ;
_v629
650 1 7 _aLiteratura cristiana primitiva
_2embne
_914529
650 1 4 _aApologética-
_vObras anteriores a 1800.
_99922
700 1 _aRuiz Bueno, Daniel.
_9100677
830 0 0 _aBiblioteca de autores cristianos
_v629
_9178679
852 _aES-MaACL
_jJ-616
999 _c47510
_d47510